000
00277nam a22001097a 4500
005
20161222173555.0
008
161222b xxu||||| |||| 00| 0 eng d
041
_a
eng
245
_a
Electronics & Coomunication Engineering (GAte 2016 )
260
_b
Engineers Academy
942
_c
BK
999
_c
5322
_d
5320